skbl

Dr Suryya Kumar Bhuyan Library Web-OPAC
ডঃ সূৰ্য্য
কুমাৰ ভূঞা পুথিভঁৰাল ৱেব-অ'পেক

All Research Scholars are advised to clear the annual library fees to continue using Library Resources, Remote Access, Plagiarism Test and Library Clearance.

Cotton University Book Fair 2026

Genetics / (Record no. 15277)

MARC details
000 -LEADER
fixed length control field 00754nam a2200301Ia 4500
001 - CONTROL NUMBER
control field 15291
005 - DATE AND TIME OF LATEST TRANSACTION
control field 20240113235617.0
007 - PHYSICAL DESCRIPTION FIXED FIELD--GENERAL INFORMATION
fixed length control field ta
008 - FIXED-LENGTH DATA ELEMENTS--GENERAL INFORMATION
fixed length control field 051206s1988 a g b000 u 465 u
020 ## - INTERNATIONAL STANDARD BOOK NUMBER
International Standard Book Number 81-7133-384-2
040 ## - CATALOGING SOURCE
Original cataloging agency Cotton College Assam
041 ## - LANGUAGE CODE
Language code of text/sound track or separate title 465
082 ## - DEWEY DECIMAL CLASSIFICATION NUMBER
Classification number 581.15
Item number Gu 959 Ge
100 ## - MAIN ENTRY--PERSONAL NAME
Personal name Gupta, P.K. .
245 #0 - TITLE STATEMENT
Title Genetics /
Statement of responsibility, etc. P.K. Gupta.
Medium Textual Documents
250 ## - EDITION STATEMENT
Edition statement 3rd ed. /
260 ## - PUBLICATION, DISTRIBUTION, ETC.
Place of publication, distribution, etc. Meerut :
Name of publisher, distributor, etc. Rastogi Piblications ,
Date of publication, distribution, etc. 1988.
300 ## - PHYSICAL DESCRIPTION
Extent viii,611p. :
Other physical details ill ;
Dimensions 24cm .
500 ## - GENERAL NOTE
General note Acc No-2326/El 3rd ed 2007.
504 ## - BIBLIOGRAPHY, ETC. NOTE
Bibliography, etc. note Index
653 ## - INDEX TERM--UNCONTROLLED
Uncontrolled term Botany
653 ## - INDEX TERM--UNCONTROLLED
Uncontrolled term Genetics
653 ## - INDEX TERM--UNCONTROLLED
Uncontrolled term G-Botany
942 ## - ADDED ENTRY ELEMENTS (KOHA)
Source of classification or shelving scheme Dewey Decimal Classification
Koha item type Books
Holdings
Withdrawn status Lost status Damaged status Not for loan Collection Home library Current library Date acquired Coded location qualifier Total checkouts Full call number Barcode Date due Date last seen Date last checked out Copy number Price effective from Koha item type Total renewals
          Dr. Suryya Kumar Bhuyan Library Dr. Suryya Kumar Bhuyan Library 01/02/2012 00000 3 581.15 Gu 959 Ge 588/Bot 27/02/2026 06/02/2026 06/02/2026 1 01/02/2012 Books  
          Dr. Suryya Kumar Bhuyan Library Dr. Suryya Kumar Bhuyan Library 01/02/2012 00000 2 581.15 Gu 959 Ge 2326/El 18/09/2025 27/08/2025 27/08/2025 2 01/02/2012 Books 1

Designed and Maintained by Team SKBL
©1901-2026

Powered by Koha